LDR 00885naa#a2200217#i#450# 001 EN\FGKOU VO SPBU MVD ROSSII\bibl\120713 005 20260701013743.3 011 ## _a2071-8284 100 ## _a20260630b2026####ek#y0engy0150####ca 101 0# _aRUS 102 ## _aRU 200 1# _aFeatures of the value-semantic sphere among cadets of the Ministry of Internal Affairs of the Russian Federation, depending on the category of professional psychological aptitude _eJournal article 210 1# _aSt. Petersburg _cSAINT-PETERSBURG UNIVERSITY OF THE MINISTRY OF INTERNAL AFFAIRS OF THE RUSSIAN FEDERATION _d2026 215 ## _a9 с. 608 ## _aJournal article _2local 675 ## _aПсихология. 159.9 _zRUS 700 #1 _aKabanova _gTat'yana Nikolaevna 700 #1 _aKostina _gElena Viktorovna 700 #1 _aBelickaya _gDar'ya Valer'evna 700 #1 _aGalanina _gNikol' Andreevna 856 4# _avestnikspbmvd.ru _u